[Event "Online Olym Div4 A"]
[Site "Chess.com INT"]
[Date "2020.07.31"]
[Round "1.3"]
[White "Hj, Azahari Siti Nur Fa"]
[Black "Mongeli, Sasha"]
[Result "1-0"]
[WhiteElo "1954"]
[BlackElo "1553"]
[PlyCount "103"]
[EventDate "2020.07.31"]
[EventType "team-tourn (rapid)"]
[EventRounds "9"]
[EventCountry "USA"]
[SourceTitle "CBM 198"]
[Source "ChessBase"]
[SourceDate "2020.10.31"]
[SourceVersion "1"]
[SourceVersionDate "2020.10.31"]
[SourceQuality "1"]
[WhiteTeam "Brunei"]
[BlackTeam "Kenya"]
[WhiteTeamCountry "BRN"]
[BlackTeamCountry "KEN"]

1. e4 e5 2. Nf3 Nf6 3. Nc3 Bb4 4. a3 Bd6 5. Bc4 0-0 6. 0-0 Nc6 7. d3 Be7 8. h3 d6 9. Be3 a6 10. Re1 Be6 11. Qe2 Qc8 12. Rad1 b5 13. Bd5 Bxd5 14. exd5 Na5 15. b4 Nb7 16. d4 Qf5 17. Bc1 e4 18. Nxe4 Nxe4 19. Qxe4 Qxe4 20. Rxe4 Bf6 21. Bg5 Bxg5 22. Nxg5 Rfe8 23. Rd3 Rxe4 24. Nxe4 Re8 25. Ng3 g6 26. Rc3 Re7 27. Rc6 a5 28. Ra6 axb4 29. Ra8+ Kg7 30. axb4 Rd7 31. Ne4 Nd8 32. Rc8 h6 33. Nc3 f5 34. Nxb5 Nf7 35. Nxc7 Kf6 36. b5 Nd8 37. b6 Kg5 38. Rxd8 Rxd8 39. Ne6+ Kf6 40. Nxd8 Ke7 41. b7 Kxd8 42. b8Q+ Ke7 43. Qc7+ Kf6 44. Qxd6+ Kg5 45. Qe7+ Kh5 46. f3 g5 47. Qf8 f4 48. d6 Kh4 49. d7 Kg3 50. d8Q g4 51. Qff6 h5 52. Qh4# 1-0

[Event "Africa-ch Blitz (Women)"]
[Site "Casablanca"]
[Date "2019.08.28"]
[Round "8.11"]
[White "Marzouk, Amira"]
[Black "Mongeli, Sasha"]
[Result "1/2-1/2"]
[WhiteElo "1718"]
[BlackElo "1495"]
[PlyCount "90"]
[EventDate "2019.08.28"]
[EventType "swiss (blitz)"]
[EventRounds "9"]
[EventCountry "MAR"]
[SourceTitle "EXT 2024"]
[Source "ChessBase"]
[SourceDate "2023.10.10"]
[SourceVersion "1"]
[SourceVersionDate "2023.10.10"]
[SourceQuality "1"]

1. d4 Nf6 2. Bf4 d5 3. e3 Bf5 4. c4 c6 5. Nc3 e6 6. Nf3 Nbd7 7. h3 h6 8. Be2 Be7 9. 0-0 0-0 10. Qb3 Qb6 11. c5 Qxb3 12. axb3 a6 13. b4 Ne4 14. Nxe4 Bxe4 15. Nd2 Bf5 16. Nb3 Bd8 17. Na5 Bxa5 18. bxa5 Nf6 19. f3 Rfc8 20. Ra3 Ne8 21. Rb3 Ra7 22. Ra1 Nc7 23. Bxc7 Rxc7 24. Rb6 Ra8 25. Ra3 Re8 26. Rab3 Ree7 27. Bd1 f6 28. Be2 Bc2 29. Rc3 Bf5 30. Kf2 Kf8 31. Bd3 Bxd3 32. Rxd3 Ke8 33. e4 Kd8 34. Re3 Kc8 35. e5 f5 36. f4 Rf7 37. Rg3 Rce7 38. Rg6 Rd7 39. Rb3 Rde7 40. Rbg3 Rd7 41. h4 Rde7 42. h5 Rd7 43. Rb3 Rc7 44. Rbg3 Rce7 45. Rb3 Rc7 1/2-1/2

[Event "Africa-chT rapid (Women)"]
[Site "Casablanca"]
[Date "2019.08.26"]
[Round "2.12"]
[White "Mongeli, Sasha"]
[Black "Gabatshwarwe, Refilwe"]
[Result "1/2-1/2"]
[WhiteElo "1516"]
[BlackElo "1415"]
[PlyCount "69"]
[EventDate "2019.08.26"]
[EventType "swiss (rapid)"]
[EventRounds "9"]
[EventCountry "MAR"]
[SourceTitle "EXT 2020"]
[Source "ChessBase"]
[SourceDate "2019.10.17"]
[SourceVersion "1"]
[SourceVersionDate "2019.10.17"]
[SourceQuality "1"]

1. e4 e5 2. Nf3 Nc6 3. d4 exd4 4. Nxd4 Nf6 5. Bg5 Be7 6. Nxc6 dxc6 7. Qxd8+ Bxd8 8. Nc3 h6 9. Bf4 0-0 10. Bd3 Re8 11. 0-0 Nh5 12. Bd2 Be7 13. Be2 Nf6 14. Bf4 Bd6 15. Bxd6 cxd6 16. f3 Be6 17. Rfe1 Rad8 18. a3 Kf8 19. Rad1 d5 20. exd5 Nxd5 21. Nxd5 Rxd5 22. Rxd5 Bxd5 23. Kf2 c5 24. Bb5 Rxe1 25. Kxe1 Ke7 26. Kf2 Kd6 27. Ke3 g5 28. g3 f6 29. f4 a6 30. Bd3 b5 31. Be4 a5 32. c3 b4 33. cxb4 cxb4 34. axb4 axb4 35. Kd4 1/2-1/2